LEADER 00862nam 2200301 450 001 9910325056103321 005 20190619173754.0 010 $a978-88-8353-915-2 100 $a20190619d2019----u y0engy50 ba 101 1 $aita$ceng 102 $aIT 105 0 $a 00 200 1 $aDevianza, problemi sociali e forme di controllo$fEdwin M. Lemert$ga cura di Cirus Rinaldi 210 $aMilano$cMeltemi$d2019 215 $a541 p.$d25 cm 225 $aDeviAzioni$v4 454 0$12001$aHuman deviance$91557551 610 0 $aControllo sociale 610 0 $aDevianza sociale 676 $a303.33$v22$zita 676 $a302.542$v22$zita 700 1$aLemert,$bEdwin M.$0234672 701 1$aRinaldi,$bCirus$0523621 912 $a9910325056103321 952 $a303.33 LEM 1$b6218$fbfs 959 $aBFS 996 $aHuman deviance$91557551 997 $aUNINA LEADER 01162nam a2200301 i 4500 001 991001311899707536 005 20020507191138.0 008 950626s1976 us ||| | eng 035 $ab10830042-39ule_inst 035 $aLE01310340$9ExL 040 $aDip.to Matematica$beng 082 0 $a515.353 084 $aAMS 35P25 084 $aAMS 47A40 100 1 $aLax, Peter $042253 245 10$aScattering theory for automorphic functions /$cby Peter D. Lax and Ralph S. Phillips 260 $aPrinceton :$bPrinceton Univ. Press,$c1976 300 $ax, 300 p. ;$c23 cm. 490 0 $aAnnals of mathematics studies ;$v87 650 0$aScattering theory 700 1 $aPhillips, Ralph S. 907 $a.b10830042$b23-02-17$c28-06-02 912 $a991001311899707536 945 $aLE013 35P LAX12 C.1 (1976)$g1$i2013000031033$lle013$o-$pE0.00$q-$rl$s- $t0$u1$v0$w1$x0$y.i10938394$z28-06-02 945 $aLE013 35P LAX12 C.2 (1976)$g2$i2013000033600$lle013$o-$pE0.00$q-$rl$s- $t0$u1$v0$w1$x0$y.i10938400$z28-06-02 996 $aScattering theory for automorphic functions$9923693 997 $aUNISALENTO 998 $ale013$b01-01-95$cm$da $e-$feng$gus $h0$i2